Widok standardowy
Widok MARC
Pozycja Corporate Name
Liczba rekordów, w których użyto hasła: 1
001 - Numer kontrolny
- control field: 36521
003 - Identyfikator numeru kontrolnego
- control field: NUKAT
005 - Data i czas ostatniej modyfikacji
- control field: 20260212100050.0
008 - Dane kontrolne kodowane (40 znaków)
- fixed length control field: 121118n||a|znnaabn |a ana |c
010 ## - Numer kontrolny Biblioteki Kongresu
- numer kontrolny LC: n 2012029718
024 7# - OTHER STANDARD IDENTIFIER
- Standard number or code: 296840628
- Source of number or code: viaf
040 ## - Instytucja sporządzająca rekord
- inst. przygot. dane do rek. khw: WA U/WMsynat
- język haseł przedmiotowych/tezaurus: kaba
- inst. wprow. rek. khw: WA U/WM
110 2# - Hasło - nazwa ciała zbiorowego
- nazwa ciała zbior. lub geogr. na pocz.: Wydawnictwo Maszoperia Literacka.
410 2# - Trop zob. - nazwa ciała zbiorowego
- nazwa ciała zbior. lub geogr. na pocz.: Maszoperia Literacka Sp z oo.
665 ## - Nota historyczna
- nota historyczna: Wydawnictwo Maszoperia Literacka powst. w 2009.
670 ## - Źródło informacji
- źródło informacji: ISBN BN online
- gdzie znaleziono informację: (Maszoperia Literacka, spółka z o.o.)
670 ## - Źródło informacji
- źródło informacji: Maszoperia, 18.11.2012
- adres internetowy: http://maszoperia.org/content/1-onas
670 ## - Źródło informacji
- źródło informacji: Ciekawostki i anegdoty gdyńskie : miasto, ludzie, wydarzenia / Kazimierz Małkowski. - Gdańsk, 2012.
- gdzie znaleziono informację: (Wydawnictwo Maszoperia Literacka)